| 000 | 01516nam a22003977a 4500 | ||
|---|---|---|---|
| 003 | CHAP | ||
| 005 | 20220817044323.0 | ||
| 008 | 100302s1992 mx a r 00010 spa d | ||
| 010 | _a97647 | ||
| 011 | _a98619 | ||
| 035 | _a109304 | ||
| 040 | _cCHAP | ||
| 082 | 1 | 0 |
_a338.972 _bC85 |
| 100 | 1 |
_aCórdoba Gutiérrez, Alberto. _927820 |
|
| 245 | 1 | 3 |
_aLa globalización de la economía : _bde la formación de bloques económicos a la internacionalización de la economia mexicana _c/por Alberto Córdoba Gutiérrez, Rafael Pedrero Nieto y Juan José Ramírez Bonilla |
| 260 |
_aMéxico, D.F. : _bInstituto de Investigación Económica y Social Lucas Alamán, _c1992 |
||
| 300 |
_a119 p. : _bilus. |
||
| 590 |
_aBATCH-UPD _b10 _c20130110 _lUCH01 _h1247 |
||
| 590 |
_aBATCH-UPD _b10 _c20130410 _lUCH01 _h0811 |
||
| 590 |
_aBATCH-UPD _b10 _c20130914 _lUCH01 _h1014 |
||
| 590 |
_aCONVERSION _b10 _c20130109 _lUCH01 _h1354 |
||
| 650 | 1 | 4 |
_aComercio internacional. _925641 |
| 650 | 1 | 4 |
_aComercio _xLeyes. _925616 |
| 650 | 1 | 4 |
_aCompetencia. _926091 |
| 650 | 1 | 4 |
_aEconomía. _935226 |
| 650 | 1 | 4 |
_aGlobalización. _948300 |
| 650 | 1 | 4 |
_aIntegración económica. _959499 |
| 650 | 1 | 4 | _aPolítica económica. |
| 650 | 1 | 4 |
_aRelaciones internacionales. _995822 |
| 650 | 1 | 4 | _aTratado Trilateral de Libre Comercio. |
| 700 | 0 |
_aPedrero Nieto, Rafael. _986549 |
|
| 700 | 1 |
_aRamírez Bonilla, Juan José. _993896 |
|
| 901 | _aBK | ||
| 942 | _cLIBRO | ||
| 949 |
_a338.972 C85 _bBC _cLIBRO _d33724002108108 _eLIBRO _gI.c/e _h111999 _i109304 _sb |
||
| 999 |
_c97647 _d97647 |
||